00338nam a2200133 a 4500008004100000040002500041100002200066245005000088260002600138300001100164020001000175044001100185041000800196961209s1963||||xx 0 und c aSNKbslocSNKeAACR21 aKregárová, E.10aUčebnica maďarčiny pre samoukov 1. diel aBratislavabSPNc1963 a350 s. c22,10 axocSK aslo